[Event "Xtracon Open 2019"]
[Site "Helsingor"]
[Date "2019.07.21"]
[Round "2.4"]
[White "Sevian, Samuel"]
[Black "Solberg, Joachim"]
[Result "1-0"]
[WhiteElo "2667"]
[BlackElo "2181"]
[Annotator "TA"]
[PlyCount "55"]
[EventDate "2019.07.19"]
[EventType "swiss"]
[EventCountry "DEN"]
[SourceTitle "playchess.com"]
[Source "ChessBase"]
[SourceQuality "1"]

1. e4 c5 2. Nf3 d6 3. Bc4 e6 4. O-O Nc6 5. Re1 Nf6 6. Bf1 Be7 7. c3 e5 8. d4 cxd4 9. cxd4 Bg4 10. d5 Nd4 11. Be3 Nxf3+ 12. gxf3 Bd7 13. Qb3 b6 14. Nd2 O-O 15. Bb5 Bxb5 16. Qxb5 Nh5 17. Kh1 Bg5 18. Rg1 Bf4 19. Rac1 f5 20. exf5 Rxf5 21. Qc6 Nf6 22. Rc4 Rb8 23. Bxf4 exf4 24. Ne4 Nxe4 25. Rxe4 Rc8 26. Qa4 a5 27. Rge1 Qc7 28. Re7 1-0

[Event "Xtracon Open 2019"]
[Site "Helsingor"]
[Date "2019.07.21"]
[Round "2.4"]
[White "Hansen, Sune Berg"]
[Black "Crevatin, Leo"]
[Result "1/2-1/2"]
[WhiteElo "2575"]
[BlackElo "2146"]
[Annotator "TA"]
[PlyCount "159"]
[EventDate "2019.07.19"]
[EventType "swiss"]
[EventCountry "DEN"]
[SourceTitle "playchess.com"]
[Source "ChessBase"]
[SourceQuality "1"]

1. e4 c5 2. Nf3 Nc6 3. Bb5 d6 4. d4 cxd4 5. Qxd4 Bd7 6. Qd3 Nf6 7. c4 a6 8. Bxc6 Bxc6 9. Nc3 e6 10. O-O Be7 11. Nd4 Qc7 12. b3 O-O 13. Bb2 Rfd8 14. Rfe1 Rab8 15. Nd5 Bxd5 16. cxd5 e5 17. Nf5 g6 18. Ne3 Rdc8 19. Rac1 Qd7 20. Nc4 Bd8 21. a4 b5 22. axb5 Qxb5 23. Re3 Be7 24. Rc3 Nd7 25. Qc2 Nc5 26. Ba3 Rb7 27. g3 Rbc7 28. Nxe5 dxe5 29. b4 Qb6 30. bxc5 Bxc5 31. Bxc5 Rxc5 32. Qb3 Qxb3 33. Rxb3 a5 34. Rb7 R5c7 35. Rb5 Rc5 36. Rxc5 Rxc5 37. Rb3 Rc4 38. Rb8+ Kg7 39. f3 Rc2 40. Ra8 Ra2 41. d6 Rd2 42. Rxa5 Rxd6 43. Rxe5 Rd2 44. g4 h6 45. h4 Kf6 46. Ra5 g5 47. Rf5+ Kg6 48. h5+ Kg7 49. Kf1 Ra2 50. Rd5 Rb2 51. Ke1 Ra2 52. Rd2 Ra3 53. Ke2 Rb3 54. Rd3 Rb4 55. Ke3 Rb8 56. e5 Rb7 57. Ke4 Ra7 58. Rd6 Ra4+ 59. Rd4 Ra7 60. Rb4 Rd7 61. Rb6 Ra7 62. e6 fxe6 63. Rxe6 Ra4+ 64. Ke5 Ra5+ 65. Kd4 Ra4+ 66. Ke3 Ra3+ 67. Kf2 Ra2+ 68. Re2 Rxe2+ 69. Kxe2 Kf6 70. Ke3 Ke5 71. Kd3 Kf4 72. Ke2 Ke5 73. Ke3 Kd5 74. f4 gxf4+ 75. Kxf4 Ke6 76. g5 hxg5+ 77. Kxg5 Kf7 78. h6 Kg8 79. Kg6 Kh8 80. h7 1/2-1/2

[Event "Xtracon Open 2019"]
[Site "Helsingor"]
[Date "2019.07.21"]
[Round "2.4"]
[White "Percivaldi, Martin"]
[Black "Christiansen, Jens Jorgen"]
[Result "1-0"]
[WhiteElo "2379"]
[BlackElo "2053"]
[Annotator "NA"]
[PlyCount "79"]
[EventDate "2019.07.19"]
[EventType "swiss"]
[EventCountry "DEN"]
[SourceTitle "playchess.com"]
[Source "ChessBase"]
[SourceQuality "1"]

1. Nf3 d5 2. g3 Nf6 3. Bg2 Bf5 4. O-O e6 5. d3 h6 6. Nbd2 Be7 7. b3 O-O 8. Bb2 c6 9. c4 Nbd7 10. a3 a5 11. Ra2 Re8 12. Qa1 Bf8 13. Rc1 Qb6 14. h3 Bc5 15. d4 Bf8 16. c5 Qc7 17. e3 Ne4 18. Nxe4 Bxe4 19. b4 a4 20. Bc3 f6 21. Nh4 Bh7 22. f4 e5 23. Nf3 exf4 24. exf4 g5 25. Bd2 Be4 26. Qc3 Bg7 27. Be3 Nf8 28. Rf2 Ng6 29. Nd2 f5 30. Nxe4 dxe4 31. fxg5 Qxg3 32. gxh6 Nh4 33. hxg7 Nf3+ 34. Kf1 f4 35. Bxf4 Qxf4 36. Bxf3 exf3 37. Rxf3 Qh2 38. Qc4+ Kh7 39. Qc2+ Qxc2 40. Rxc2 1-0

[Event "Xtracon Open 2019"]
[Site "Helsingor"]
[Date "2019.07.21"]
[Round "2.4"]
[White "Buchenau, Frank"]
[Black "Andersen, Kim Nyvang"]
[Result "1-0"]
[WhiteElo "2294"]
[BlackElo "2008"]
[Annotator "NA"]
[PlyCount "45"]
[EventDate "2019.07.19"]
[EventType "swiss"]
[EventCountry "DEN"]
[SourceTitle "playchess.com"]
[Source "ChessBase"]
[SourceQuality "1"]

1. e4 c5 2. Nf3 Nc6 3. Bb5 e6 4. Bxc6 bxc6 5. d3 d6 6. e5 d5 7. c4 f6 8. Nc3 Ne7 9. Nh4 f5 10. Bg5 Qc7 11. Qe2 Ba6 12. O-O-O O-O-O 13. Na4 Qa5 14. b3 dxc4 15. dxc4 Rd4 16. Rxd4 cxd4 17. Bd2 Qd8 18. Nc5 Ng8 19. Nxa6 Ba3+ 20. Kc2 Qxh4 21. b4 Nh6 22. Qf3 d3+ 23. Kb3 1-0

[Event "Xtracon Open 2019"]
[Site "Helsingor"]
[Date "2019.07.21"]
[Round "2.4"]
[White "Sandbech, Ted Henrik"]
[Black "Sebastian, Andreas"]
[Result "0-1"]
[WhiteElo "1687"]
[BlackElo "1911"]
[Annotator "NA"]
[PlyCount "92"]
[EventDate "2019.07.19"]
[EventType "swiss"]
[EventCountry "DEN"]
[SourceTitle "playchess.com"]
[Source "ChessBase"]
[SourceQuality "1"]

1. Nf3 d6 2. e4 Nf6 3. Nc3 e5 4. Be2 Be7 5. O-O O-O 6. d4 exd4 7. Nxd4 Re8 8. Bf3 Bf8 9. Bg5 Nbd7 10. Re1 Ne5 11. Nd5 Bd7 12. Nxf6+ gxf6 13. Bd2 c5 14. Nf5 d5 15. Nh6+ Bxh6 16. Bxh6 d4 17. b3 Kh8 18. Kh1 Rg8 19. Bf4 Qe7 20. Be2 Rg7 21. Bg3 Bc6 22. Bd3 Rag8 23. Qd2 h5 24. Bxe5 fxe5 25. Qh6+ Rh7 26. Qd2 Rg6 27. Rg1 Rhg7 28. Rae1 f5 29. f3 f4 30. Qf2 Rg3 31. Qd2 Bd7 32. Re2 b6 33. Rf2 R3g6 34. Re1 Be6 35. c3 Qd8 36. cxd4 cxd4 37. Rc1 Qg8 38. Bc4 Bxc4 39. Rxc4 h4 40. h3 Rg3 41. Rc1 Qe6 42. Qe2 Rg8 43. Qd2 Rxh3+ 44. Kg1 Rhg3 45. Kh1 h3 46. gxh3 Qg6 0-1

[Event "Xtracon Open 2019"]
[Site "Helsingor"]
[Date "2019.07.21"]
[Round "2.5"]
[White "Moiseenko, Alexander"]
[Black "Kunz, Andre"]
[Result "1-0"]
[WhiteElo "2628"]
[BlackElo "2163"]
[Annotator "ChessBase"]
[PlyCount "101"]
[EventDate "2019.07.19"]
[EventType "swiss"]
[EventCountry "DEN"]
[SourceTitle "playchess.com"]
[Source "ChessBase"]
[SourceQuality "1"]

1. d4 d5 2. c4 dxc4 3. Nf3 Nf6 4. e3 Bg4 5. Bxc4 e6 6. Nc3 Nbd7 7. O-O Bb4 8. h3 Bh5 9. a3 Bxc3 10. bxc3 O-O 11. Be2 c5 12. c4 Qb6 13. g4 Bg6 14. Nh4 cxd4 15. Nxg6 hxg6 16. exd4 Rac8 17. Be3 Rfd8 18. Rb1 Qc7 19. Qb3 b6 20. Rfc1 e5 21. d5 Nc5 22. Qb4 Qd7 23. g5 Qxh3 24. gxf6 gxf6 25. Bxc5 Rxc5 26. Qd2 Kg7 27. Qe3 Qxe3 28. fxe3 Ra5 29. Rc3 e4 30. Rb5 Ra6 31. Kf2 f5 32. Kg3 Kf6 33. c5 bxc5 34. Rbxc5 Rad6 35. Rc6 g5 36. Rxd6+ Rxd6 37. Rc7 a5 38. Bc4 Ke5 39. Rxf7 f4+ 40. exf4+ gxf4+ 41. Rxf4 Rg6+ 42. Rg4 Rf6 43. Rg5+ Kd4 44. Bb5 a4 45. Bxa4 Rf3+ 46. Kg4 Rxa3 47. Bc6 Kc5 48. Kf4 Kd4 49. d6 Rf3+ 50. Kg4 Rf8 51. Rd5+ 1-0

[Event "Xtracon Open 2019"]
[Site "Helsingor"]
[Date "2019.07.21"]
[Round "2.5"]
[White "Nielsen, Andre"]
[Black "Henningsen, Lasse"]
[Result "1-0"]
[WhiteElo "2229"]
[BlackElo "1963"]
[Annotator "NA"]
[PlyCount "43"]
[EventDate "2019.07.19"]
[EventType "swiss"]
[EventCountry "DEN"]
[SourceTitle "playchess.com"]
[Source "ChessBase"]
[SourceQuality "1"]

1. e4 e5 2. Nf3 Nc6 3. Bc4 Nf6 4. d3 Bc5 5. c3 d6 6. Nbd2 h6 7. O-O a6 8. Bb3 O-O 9. Re1 Be6 10. Nf1 Kh7 11. Bc2 Ba7 12. d4 Bd7 13. Ng3 Qe7 14. h3 g6 15. Be3 Ng8 16. Qd2 Rad8 17. d5 Bxe3 18. Qxe3 Nb8 19. Qa7 f5 20. exf5 Bxf5 21. Nxf5 gxf5 22. Nd4 1-0

[Event "Xtracon Open 2019"]
[Site "Helsingor"]
[Date "2019.07.21"]
[Round "2.5"]
[White "Holm, Ragnar"]
[Black "Rasmussen, Allan Stig"]
[Result "0-1"]
[WhiteElo "2142"]
[BlackElo "2569"]
[Annotator "ChessBase"]
[PlyCount "54"]
[EventDate "2019.07.19"]
[EventType "swiss"]
[EventCountry "DEN"]
[SourceTitle "playchess.com"]
[Source "ChessBase"]
[SourceQuality "1"]

1. d4 f5 2. Bg5 g6 3. Nc3 Bg7 4. e3 Nc6 5. Bc4 h6 6. Bh4 Nf6 7. a3 d6 8. Nge2 g5 9. Bg3 e6 10. Qd2 Bd7 11. h4 Qe7 12. hxg5 hxg5 13. Rxh8+ Bxh8 14. O-O-O Qh7 15. f3 a6 16. d5 exd5 17. Nxd5 Nxd5 18. Bxd5 O-O-O 19. c3 Re8 20. Nd4 Ne5 21. Re1 c6 22. Ba2 c5 23. Ne2 f4 24. Bb1 Bf5 25. e4 Be6 26. Bf2 Rd8 27. Qd1 Qh2 0-1

[Event "Xtracon Open 2019"]
[Site "Helsingor"]
[Date "2019.07.21"]
[Round "2.5"]
[White "Schweitzer, Werner"]
[Black "Fantinel, Thibault"]
[Result "0-1"]
[WhiteElo "2072"]
[BlackElo "2374"]
[Annotator "NA"]
[PlyCount "40"]
[EventDate "2019.07.19"]
[EventType "swiss"]
[EventCountry "DEN"]
[SourceTitle "playchess.com"]
[Source "ChessBase"]
[SourceQuality "1"]

1. e4 c5 2. Nc3 Nc6 3. Bb5 Nd4 4. Bd3 g6 5. Nge2 Bg7 6. O-O d6 7. Nxd4 cxd4 8. Ne2 Bd7 9. b3 Nh6 10. Bb2 Qb6 11. c3 dxc3 12. Bxc3 O-O 13. h3 Bc6 14. Qc2 e5 15. Rac1 f5 16. Kh1 fxe4 17. Bxe4 d5 18. Bf3 Rxf3 19. gxf3 d4 20. Bxd4 Bxf3+ 0-1

[Event "Xtracon Open 2019"]
[Site "Helsingor"]
[Date "2019.07.21"]
[Round "2.5"]
[White "Lauritsen, Niels"]
[Black "Hobber, Anders"]
[Result "0-1"]
[WhiteElo "2011"]
[BlackElo "2294"]
[Annotator "NA"]
[PlyCount "98"]
[EventDate "2019.07.19"]
[EventType "swiss"]
[EventCountry "DEN"]
[SourceTitle "playchess.com"]
[Source "ChessBase"]
[SourceQuality "1"]

1. e4 c6 2. Nc3 d5 3. Qf3 dxe4 4. Nxe4 Nf6 5. Nxf6+ exf6 6. Bc4 Bd6 7. Qe2+ Qe7 8. Qxe7+ Kxe7 9. Nf3 Be6 10. d3 Nd7 11. Be3 Ne5 12. Nxe5 fxe5 13. Bxe6 Kxe6 14. O-O-O f5 15. f3 b5 16. Rde1 Rhe8 17. g3 a5 18. Kd1 Kd5 19. Rhf1 a4 20. Rf2 g6 21. f4 exf4 22. Bxf4 Bxf4 23. Rxf4 Rxe1+ 24. Kxe1 Rf8 25. h4 h6 26. c3 g5 27. Rd4+ Ke6 28. hxg5 hxg5 29. c4 c5 30. Rd5 bxc4 31. Rxc5 cxd3 32. Rc3 Rb8 33. b3 a3 34. Rxd3 Rh8 35. Re3+ Kd5 36. b4 Rh1+ 37. Kd2 Rh2+ 38. Kc3 Rxa2 39. Kb3 Ra1 40. Rc3 f4 41. gxf4 gxf4 42. Rc8 f3 43. Rf8 Ke4 44. Rf7 Ke3 45. Re7+ Kd3 46. Rd7+ Ke2 47. Re7+ Kf2 48. Rf7 a2 49. Rf5 Rb1+ 0-1

[Event "Xtracon Open 2019"]
[Site "Helsingor"]
[Date "2019.07.21"]
[Round "2.6"]
[White "Maze, Sebastien"]
[Black "Jorgensen, Dennis"]
[Result "1-0"]
[WhiteElo "2565"]
[BlackElo "2140"]
[Annotator "ChessBase"]
[PlyCount "39"]
[EventDate "2019.07.19"]
[EventType "swiss"]
[EventCountry "DEN"]
[SourceTitle "playchess.com"]
[Source "ChessBase"]
[SourceQuality "1"]

1. e4 c6 2. d4 d5 3. e5 Bf5 4. Nf3 e6 5. Be2 Nd7 6. O-O h6 7. a4 Ne7 8. c3 a5 9. Nbd2 Bg6 10. Nh4 Bh7 11. f4 Nc8 12. g3 Be7 13. Ndf3 O-O 14. Bd3 Be4 15. f5 Bxh4 16. Nxh4 exf5 17. Bxe4 fxe4 18. Qg4 Kh7 19. Nf5 Rg8 20. Nxh6 1-0

[Event "Xtracon Open 2019"]
[Site "Helsingor"]
[Date "2019.07.21"]
[Round "2.6"]
[White "Malmstig, Erik"]
[Black "Salerno, Christian"]
[Result "1-0"]
[WhiteElo "2357"]
[BlackElo "2047"]
[Annotator "NA"]
[PlyCount "59"]
[EventDate "2019.07.19"]
[EventType "swiss"]
[EventCountry "DEN"]
[SourceTitle "playchess.com"]
[Source "ChessBase"]
[SourceQuality "1"]

1. d4 Nf6 2. c4 g6 3. Nc3 d5 4. e3 Bg7 5. Nf3 O-O 6. h3 c5 7. dxc5 Qa5 8. Nd2 dxc4 9. Bxc4 Qxc5 10. O-O Nc6 11. Qe2 Ne5 12. Bb3 Bf5 13. e4 Bd7 14. Nf3 Nxf3+ 15. Qxf3 Bc6 16. Re1 Rfd8 17. Bf4 b5 18. Rac1 Qb6 19. Nd5 Bxd5 20. exd5 Rd7 21. d6 Re8 22. Rxe7 Rdxe7 23. dxe7 Rxe7 24. Bg5 Qd6 25. Rc8+ Bf8 26. g3 Nd7 27. Bxe7 Qxe7 28. Kg2 h5 29. Rc7 Qe8 30. Qc6 1-0

[Event "Xtracon Open 2019"]
[Site "Helsingor"]
[Date "2019.07.21"]
[Round "2.6"]
[White "Colbow, Collin"]
[Black "Lysyj, Igor"]
[Result "1-0"]
[WhiteElo "2167"]
[BlackElo "2623"]
[Annotator "ChessBase"]
[PlyCount "95"]
[EventDate "2019.07.19"]
[EventType "swiss"]
[EventCountry "DEN"]
[SourceTitle "playchess.com"]
[Source "ChessBase"]
[SourceQuality "1"]

1. e4 e6 2. d4 d5 3. Nd2 c5 4. exd5 Qxd5 5. Ngf3 cxd4 6. Bc4 Qd6 7. O-O Nf6 8. Nb3 Nc6 9. Nbxd4 Nxd4 10. Nxd4 Be7 11. Re1 O-O 12. c3 Qc7 13. Bd3 b6 14. Bg5 Bb7 15. Bh4 Qc5 16. Qc2 h6 17. f4 Rfd8 18. Re5 Rd5 19. Rae1 Rad8 20. Kh1 Ng4 21. Rxd5 Bxd5 22. Bg3 Bf6 23. Qe2 Bxd4 24. cxd4 Qxd4 25. Rd1 Be4 26. Bc2 Bxc2 27. Rxd4 Rxd4 28. Qxc2 Ne3 29. Qc8+ Kh7 30. Qc3 Re4 31. Kg1 Nd5 32. Qd3 f5 33. Qa6 Rd4 34. Qxa7 Rd1+ 35. Kf2 Rd2+ 36. Kf3 Rxb2 37. Bf2 Rb4 38. g3 Kg6 39. Qd7 Kf6 40. Kg2 Rb2 41. Kf3 Rb4 42. Qd6 Kf7 43. Qe5 Re4 44. Qb2 g5 45. fxg5 hxg5 46. a3 g4+ 47. Kg2 Rc4 48. Bxb6 1-0

[Event "Xtracon Open 2019"]
[Site "Helsingor"]
[Date "2019.07.21"]
[Round "2.6"]
[White "Larsen, Ulrik"]
[Black "Sorensen, Bernhard W."]
[Result "1-0"]
[WhiteElo "2039"]
[BlackElo "1567"]
[Annotator "NA"]
[PlyCount "101"]
[EventDate "2019.07.19"]
[EventType "swiss"]
[EventCountry "DEN"]
[SourceTitle "playchess.com"]
[Source "ChessBase"]
[SourceQuality "1"]

1. e4 g6 2. d4 Bg7 3. Nc3 d6 4. f4 a6 5. Nf3 b5 6. Bd3 Nd7 7. e5 e6 8. O-O Bb7 9. Qe1 Ne7 10. f5 dxe5 11. fxe6 fxe6 12. Ng5 Nf8 13. Rxf8+ Bxf8 14. Qxe5 Rg8 15. Nxe6 Qd7 16. Nxc7+ Kd8 17. Nxa8 Bxa8 18. Bg5 Kc8 19. Re1 Qg4 20. Be4 Bg7 21. Qc5+ Nc6 22. Rd1 Qxd1+ 23. Nxd1 Bxd4+ 24. Qxd4 Nxd4 25. Bxa8 Nxc2 26. Nc3 Nd4 27. Bf6 Nf5 28. Nd5 Kd7 29. Bb7 Kd6 30. Nc3 Rf8 31. Bxa6 b4 32. Ne4+ Kd5 33. Bb7+ Kc4 34. b3+ Kd3 35. Nc5+ Kd2 36. Bg5+ Ne3 37. Ne4+ Kd3 38. Nf2+ Kd2 39. Be7 Rf4 40. g3 Rd4 41. Bc5 Rd7 42. Bxb4+ Kc1 43. Be4 Kb2 44. Bc5 Nf5 45. a4 Kxb3 46. a5 Nd6 47. Bd5+ Kc3 48. Bxd6 Rxd6 49. Ne4+ Kd4 50. Nxd6 Kxd5 51. a6 1-0

[Event "Xtracon Open 2019"]
[Site "Helsingor"]
[Date "2019.07.21"]
[Round "2.7"]
[White "Tari, Aryan"]
[Black "Christensen, Lasse"]
[Result "1-0"]
[WhiteElo "2620"]
[BlackElo "2158"]
[Annotator "ChessBase"]
[PlyCount "79"]
[EventDate "2019.07.19"]
[EventType "swiss"]
[EventCountry "DEN"]
[SourceTitle "playchess.com"]
[Source "ChessBase"]
[SourceQuality "1"]

1. e4 c6 2. Nf3 d5 3. exd5 cxd5 4. d4 Nf6 5. Ne5 g6 6. Bb5+ Nbd7 7. O-O Bg7 8. Nd2 O-O 9. Ndf3 Ne4 10. h3 Ndf6 11. Re1 a6 12. Bd3 Nd6 13. Bf4 Bf5 14. c3 Bxd3 15. Nxd3 e6 16. a4 Nfe4 17. a5 Rc8 18. Nfe5 f6 19. Ng4 g5 20. Bh2 f5 21. Bxd6 Nxd6 22. Nge5 Rc7 23. Nc5 Re8 24. f3 Nf7 25. Nxf7 Kxf7 26. Nd3 Kg8 27. Qd2 Qd6 28. Qxg5 Kh8 29. Re2 Qf8 30. Rae1 Rce7 31. Qh5 Kg8 32. Qg5 Kh8 33. Qg3 Qf7 34. Qd6 Rd7 35. Qb6 Rde7 36. Nf4 e5 37. dxe5 Bxe5 38. Kf1 Bxf4 39. Rxe7 Rxe7 40. Qd8+ 1-0

[Event "Xtracon Open 2019"]
[Site "Helsingor"]
[Date "2019.07.21"]
[Round "2.7"]
[White "Tomilova, Elena"]
[Black "Kakulidis, Ellen"]
[Result "1-0"]
[WhiteElo "2281"]
[BlackElo "1998"]
[Annotator "NA"]
[PlyCount "33"]
[EventDate "2019.07.19"]
[EventType "swiss"]
[EventCountry "DEN"]
[SourceTitle "playchess.com"]
[Source "ChessBase"]
[SourceQuality "1"]

1. e4 e5 2. Nf3 Nc6 3. Nc3 Nf6 4. Be2 Be7 5. d4 d6 6. h3 a6 7. O-O O-O 8. a4 h6 9. b3 Nh7 10. Nd5 Nf6 11. Nxe7+ Qxe7 12. dxe5 Nxe5 13. Bb2 Nc6 14. Re1 Nxe4 15. Bc4 Kh8 16. Qc1 f5 17. Qxh6# 1-0

[Event "Xtracon Open 2019"]
[Site "Helsingor"]
[Date "2019.07.21"]
[Round "2.7"]
[White "Gregor, Bjarke"]
[Black "Pantzar, Milton"]
[Result "0-1"]
[WhiteElo "2064"]
[BlackElo "2357"]
[Annotator "NA"]
[PlyCount "57"]
[EventDate "2019.07.19"]
[EventType "swiss"]
[EventCountry "DEN"]
[SourceTitle "playchess.com"]
[Source "ChessBase"]
[SourceQuality "1"]

1. e4 e5 2. Nf3 Nc6 3. Bc4 Nf6 4. Ng5 d5 5. exd5 Na5 6. Bb5+ c6 7. dxc6 bxc6 8. Be2 h6 9. Nh3 Bd6 10. d3 O-O 11. Nc3 Nd5 12. Ne4 Bc7 13. c4 Ne7 14. b4 Nb7 15. Bb2 Ng6 16. Ng1 f5 17. Nc3 Qe7 18. a3 e4 19. d4 f4 20. Qc2 Bf5 21. Qb3 f3 22. gxf3 exf3 23. Nxf3 Nf4 24. Kd2 Nxe2 25. Nxe2 Bg4 26. c5+ Kh8 27. Nfg1 Rae8 28. f3 Bxf3 29. Bc1 0-1

[Event "Xtracon Open 2019"]
[Site "Helsingor"]
[Date "2019.07.21"]
[Round "2.7"]
[White "Hansen, Verner"]
[Black "Jannik, Morten Emil"]
[Result "1-0"]
[WhiteElo "1838"]
[BlackElo "1561"]
[Annotator "NA"]
[PlyCount "109"]
[EventDate "2019.07.19"]
[EventType "swiss"]
[EventCountry "DEN"]
[SourceTitle "playchess.com"]
[Source "ChessBase"]
[SourceQuality "1"]

1. e4 c6 2. d4 d5 3. exd5 cxd5 4. Nf3 Bg4 5. Be2 Nc6 6. O-O Nf6 7. c3 Qc7 8. Re1 e6 9. Nbd2 h6 10. Nf1 Bd6 11. Ne5 Bf5 12. Bf4 O-O 13. Bd3 Bxd3 14. Qxd3 Rac8 15. h3 Qe7 16. Nd2 Bb8 17. Re3 Nh5 18. Bh2 f5 19. f4 Nxe5 20. dxe5 a6 21. Re2 Ba7+ 22. Kh1 g6 23. Qf3 Kh7 24. Bg1 Bxg1 25. Kxg1 Qh4 26. Rf1 Ng3 27. Nb3 Nxe2+ 28. Qxe2 Qe7 29. Nd4 Rg8 30. Kh2 Rg7 31. Qc2 Kh8 32. Qb3 g5 33. Qb6 Re8 34. g3 gxf4 35. Rxf4 Qg5 36. Ne2 Qh5 37. Qe3 Qf7 38. Rh4 h5 39. Nf4 Rh7 40. Qe2 Kg8 41. Rxh5 Re7 42. Rg5+ Rg7 43. Rxg7+ Qxg7 44. Nh5 Qg6 45. Nf6+ Kh8 46. Qe3 Rg7 47. h4 Rh7 48. Nxh7 Kxh7 49. Qf4 Qh5 50. Qe3 Qg4 51. Kg2 Kg6 52. Kf2 Qh5 53. Qb6 Qg4 54. Qe3 Kf7 55. Qb6 1-0

[Event "Xtracon Open 2019"]
[Site "Helsingor"]
[Date "2019.07.21"]
[Round "2.8"]
[White "Christiansen, Johan-Sebastian"]
[Black "Mardell, Jimmy"]
[Result "1-0"]
[WhiteElo "2548"]
[BlackElo "2134"]
[Annotator "ChessBase"]
[PlyCount "49"]
[EventDate "2019.07.19"]
[EventType "swiss"]
[EventCountry "DEN"]
[SourceTitle "playchess.com"]
[Source "ChessBase"]
[SourceQuality "1"]

1. e4 c5 2. Nf3 d6 3. Nc3 Nf6 4. d4 cxd4 5. Nxd4 g6 6. Be3 Bg7 7. f3 O-O 8. Qd2 Nc6 9. O-O-O d5 10. exd5 Nxd5 11. Nxc6 bxc6 12. Bd4 Bxd4 13. Qxd4 Qb6 14. Na4 Qc7 15. Bc4 e5 16. Qc5 Nf4 17. Rd6 Nxg2 18. Qxe5 Qb7 19. Qg5 Qb4 20. Rxg6+ hxg6 21. Qxg6+ Kh8 22. Qh6+ Kg8 23. Rg1 Qe1+ 24. Rxe1 Nxe1 25. Nc5 1-0

[Event "Xtracon Open 2019"]
[Site "Helsingor"]
[Date "2019.07.21"]
[Round "2.8"]
[White "Haubro, Martin"]
[Black "Zemlickova, Olena"]
[Result "1-0"]
[WhiteElo "2356"]
[BlackElo "2043"]
[Annotator "TA"]
[PlyCount "117"]
[EventDate "2019.07.19"]
[EventType "swiss"]
[EventCountry "DEN"]
[SourceTitle "playchess.com"]
[Source "ChessBase"]
[SourceQuality "1"]

1. e4 e5 2. Nf3 Nc6 3. Bb5 g6 4. O-O d6 5. c3 Bd7 6. d4 Bg7 7. Re1 a6 8. Bf1 Bg4 9. d5 Nce7 10. h3 Bd7 11. c4 h6 12. Nc3 f5 13. c5 Nf6 14. Nd2 O-O 15. cxd6 cxd6 16. a4 Kh7 17. Nc4 Nc8 18. exf5 gxf5 19. f4 e4 20. Be3 Ne8 21. Qb3 Rb8 22. Nb6 Nxb6 23. Bxb6 Qh4 24. Ne2 Rc8 25. Bf2 Qd8 26. Qxb7 Rb8 27. Qxa6 Bxb2 28. Ra2 Bh8 29. Nd4 Bxd4 30. Bxd4 Ra8 31. Qb7 Rb8 32. Qa7 Ra8 33. Qb7 Rb8 34. Qa6 Ra8 35. Qc4 Qh4 36. Qb4 Nf6 37. a5 Rab8 38. Qd2 Nh5 39. Bf2 Qe7 40. a6 Rg8 41. a7 Ra8 42. Rc1 Rgc8 43. Ba6 Rxc1+ 44. Qxc1 Be8 45. Bc8 Kg6 46. Kh2 Qf7 47. Be6 Qe7 48. Be3 Ng7 49. Qc8 Rxc8 50. Bxc8 Nh5 51. a8=Q Qh4 52. Bxf5+ Kg7 53. Re2 Qg3+ 54. Kh1 Nxf4 55. Qxe8 Nxe2 56. Qe7+ Kg8 57. Be6+ Kh8 58. Qf8+ Kh7 59. Bf5+ 1-0

[Event "Xtracon Open 2019"]
[Site "Helsingor"]
[Date "2019.07.21"]
[Round "2.8"]
[White "Van den Bersselaar, Jeroen"]
[Black "Svane, Rasmus"]
[Result "0-1"]
[WhiteElo "2161"]
[BlackElo "2615"]
[Annotator "ChessBase"]
[PlyCount "30"]
[EventDate "2019.07.19"]
[EventType "swiss"]
[EventCountry "DEN"]
[SourceTitle "playchess.com"]
[Source "ChessBase"]
[SourceQuality "1"]

1. d4 d5 2. Nf3 Nf6 3. e3 c5 4. Nbd2 cxd4 5. exd4 Nc6 6. c3 Qc7 7. Bd3 Bg4 8. O-O e6 9. Re1 Bd6 10. Nf1 O-O-O 11. b4 Kb8 12. Bd2 Rhe8 13. Be2 Ne4 14. Qc2 Bxf3 15. Bxf3 Nxd4 0-1

[Event "Xtracon Open 2019"]
[Site "Helsingor"]
[Date "2019.07.21"]
[Round "2.8"]
[White "Bronnum, Jan"]
[Black "Fjallheim, Elmar Reinert"]
[Result "1-0"]
[WhiteElo "2046"]
[BlackElo "1609"]
[Annotator "NA"]
[PlyCount "59"]
[EventDate "2019.07.19"]
[EventType "swiss"]
[EventCountry "DEN"]
[SourceTitle "playchess.com"]
[Source "ChessBase"]
[SourceQuality "1"]

1. d4 Nf6 2. Bf4 g6 3. Nc3 Bg7 4. e4 d6 5. Be2 Nbd7 6. Qd2 c5 7. d5 a6 8. Bh6 O-O 9. h4 Ne5 10. Bxg7 Kxg7 11. h5 Rh8 12. h6+ Kf8 13. f4 Neg4 14. Rh4 b5 15. Bf3 Bd7 16. Nce2 Rb8 17. Ng3 Qc8 18. Qe2 e5 19. dxe6 Bxe6 20. O-O-O Rb6 21. e5 Bc4 22. Qe1 dxe5 23. fxe5 Re6 24. Bxg4 Nxg4 25. Rxg4 f6 26. Nf3 Re8 27. Rf4 f5 28. b3 Be6 29. Qd2 Kf7 30. Ng5+ 1-0

[Event "Xtracon Open 2019"]
[Site "Helsingor"]
[Date "2019.07.21"]
[Round "2.8"]
[White "Schrodt, Sebastian"]
[Black "Heimisson, Hilmir Freyr"]
[Result "1-0"]
[WhiteElo "2002"]
[BlackElo "2279"]
[Annotator "NA"]
[PlyCount "41"]
[EventDate "2019.07.19"]
[EventType "swiss"]
[EventCountry "DEN"]
[SourceTitle "playchess.com"]
[Source "ChessBase"]
[SourceQuality "1"]

1. c4 b6 2. Nf3 Bb7 3. Nc3 Nf6 4. g3 c5 5. Bg2 g6 6. b3 Bg7 7. Bb2 O-O 8. O-O d6 9. e3 Nbd7 10. Rc1 a6 11. d4 e6 12. Qe2 Qc7 13. Rfd1 Ne4 14. Nxe4 Bxe4 15. Ne5 Nf6 16. Ng4 Bxg2 17. Nxf6+ Bxf6 18. Kxg2 Rac8 19. e4 Qc6 20. d5 exd5 21. exd5 1-0

[Event "Xtracon Open 2019"]
[Site "Helsingor"]
[Date "2019.07.21"]
[Round "2.9"]
[White "Karthikeyan, Murali"]
[Black "Nilssen, Ellen Fredericia"]
[Result "1-0"]
[WhiteElo "2613"]
[BlackElo "2155"]
[Annotator "ChessBase"]
[PlyCount "55"]
[EventDate "2019.07.19"]
[EventType "swiss"]
[EventCountry "DEN"]
[SourceTitle "playchess.com"]
[Source "ChessBase"]
[SourceQuality "1"]

1. e4 e6 2. d4 d5 3. Nd2 c5 4. Ngf3 Nc6 5. dxc5 Bxc5 6. Bd3 Nf6 7. O-O Nb4 8. e5 Nxd3 9. cxd3 Nd7 10. Nb3 Be7 11. Nbd4 O-O 12. Be3 Bc5 13. Rc1 a5 14. Nxe6 fxe6 15. Bxc5 Nxc5 16. Rxc5 Bd7 17. Qe2 Rc8 18. Rfc1 Rxc5 19. Rxc5 b6 20. Rc3 Rf4 21. Qe3 Rb4 22. b3 a4 23. h3 axb3 24. axb3 Qa8 25. Kh2 h6 26. Qd2 Qa5 27. Rc7 Bb5 28. Ng5 1-0